000 00623 a2200205 4500
020 _c600.00
035 _aB-119957
037 _bRP-ZLS-2348 / UBH-05-06:13 / RP-05-06:ENG
082 1 4 _a342.5406
090 _c3370
_d3370
100 1 _aBasu, Durga Das
245 1 _aAdministrative Law
_cby Durga Das Basu, A.K. Nandi
250 _a5th ed
260 _aCulcutta
_bKamal Law House
_c2000r
300 _a768 p
_c24.5 cm (HB)
500 _aThis is reprint 2000
700 _aNandi, A.K.
942 _adpl
_cEN
_k342.5406 / BAS
999 _c3303
_d3303